[Event "FIN-chT 2022"]
[Site "Finland"]
[Date "2022.04.10"]
[Round "2.4"]
[White "Rantanen, Yrjo A"]
[Black "Kokkila, Tero"]
[Result "1-0"]
[WhiteElo "2319"]
[BlackElo "2238"]
[PlyCount "53"]
[EventDate "2020.09.12"]
[EventType "team-tourn"]
[EventRounds "11"]
[EventCountry "FIN"]
[SourceTitle "EXT 2023"]
[Source "ChessBase"]
[SourceDate "2022.10.05"]
[SourceVersion "1"]
[SourceVersionDate "2022.10.05"]
[SourceQuality "1"]
[WhiteTeam "Salo SalSK"]
[BlackTeam "Vantaa EtVaS"]
[WhiteTeamCountry "FIN"]
[BlackTeamCountry "FIN"]

1. e4 c5 2. Nf3 e6 3. d4 cxd4 4. Nxd4 a6 5. Bd3 Bc5 6. c3 Nc6 7. 0-0 Nxd4 8. cxd4 Bxd4 9. Nd2 Ne7 10. Nf3 Ba7 11. e5 Nc6 12. Bf4 h6 13. Qe2 b5 14. a4 bxa4 15. Rxa4 Bb7 16. h4 a5 17. Nd2 Qxh4 18. Ne4 Nd4 19. Rxd4 Bxd4 20. Bg3 Qd8 21. Nd6+ Ke7 22. Qh5 Qf8 23. Qh4+ f6 24. Qxd4 Bd5 25. Re1 f5 26. Qc5 f4 27. Bg6 1-0

[Event "FIN-chT 1920"]
[Site "Finland"]
[Date "2019.11.24"]
[Round "6.3"]
[White "Rantanen, Yrjo A"]
[Black "Pohjala, Henri"]
[Result "1/2-1/2"]
[WhiteElo "2309"]
[BlackElo "2337"]
[PlyCount "40"]
[EventDate "2019.09.14"]
[EventType "team-tourn"]
[EventRounds "11"]
[EventCountry "FIN"]
[SourceTitle "EXT 2022"]
[Source "ChessBase"]
[SourceDate "2021.10.06"]
[SourceVersion "1"]
[SourceVersionDate "2021.10.06"]
[SourceQuality "1"]
[WhiteTeam "Salo SalSK"]
[BlackTeam "Sastamala VammSK"]
[WhiteTeamCountry "FIN"]
[BlackTeamCountry "FIN"]

1. c4 c6 2. e4 e5 3. Nf3 d6 4. d4 Nd7 5. Nc3 Ngf6 6. Be2 Be7 7. 0-0 exd4 8. Nxd4 Nc5 9. Bf3 a5 10. Rb1 0-0 11. g4 Re8 12. Nf5 Bf8 13. Qc2 g6 14. Ne3 Qe7 15. Re1 Qe5 16. Bd2 Bh6 17. Nf5 Bf8 18. Ne3 Bh6 19. Nf5 Bf8 20. Ne3 Bh6 1/2-1/2

[Event "EUR-chT Seniors 65"]
[Site "Mali Losinj"]
[Date "2019.09.21"]
[Round "4.1"]
[White "Rantanen, Yrjo A"]
[Black "Balashov, Yuri S"]
[Result "1-0"]
[WhiteElo "2309"]
[BlackElo "2466"]
[PlyCount "141"]
[EventDate "2019.09.18"]
[EventType "team-swiss"]
[EventRounds "9"]
[EventCountry "CRO"]
[SourceTitle "EXT 2020"]
[Source "ChessBase"]
[SourceDate "2019.10.17"]
[SourceVersion "1"]
[SourceVersionDate "2019.10.17"]
[SourceQuality "1"]
[WhiteTeam "Finland 65"]
[BlackTeam "Russia 65"]
[WhiteTeamCountry "FIN"]
[BlackTeamCountry "RUS"]

1. e4 e5 2. Nf3 Nc6 3. Bb5 a6 4. Ba4 Nf6 5. 0-0 Be7 6. Re1 b5 7. Bb3 0-0 8. c3 d6 9. h3 Na5 10. Bc2 c5 11. d4 Qc7 12. d5 c4 13. b4 cxb3 14. axb3 Nb7 15. b4 Nd7 16. Bd2 Nb6 17. Na3 Nd8 18. Bd3 Bb7 19. c4 bxc4 20. Nxc4 Nxc4 21. Rc1 Qd7 22. Rxc4 f5 23. Qc2 Bf6 24. Rc7 Qe8 25. Bc4 Rf7 26. Rxf7 Qxf7 27. Ng5 Bxg5 28. Bxg5 f4 29. Be2 Rc8 30. Qa4 h6 31. Bxd8 Rxd8 32. Bg4 Qc7 33. Qa5 Qxa5 34. bxa5 Bc8 35. Rc1 Bd7 36. Rc6 h5 37. Bxd7 Rxd7 38. Rxa6 Kf7 39. h4 Ke7 40. Rb6 Rc7 41. a6 Kd7 42. Kh2 g6 43. f3 Ra7 44. g3 Rc7 45. gxf4 exf4 46. Kh3 Rc3 47. Rb7+ Kc8 48. Kg2 Rc2+ 49. Kf1 Rc3 50. Ke2 Re3+ 51. Kf2 Ra3 52. Rf7 Rxa6 53. Rxf4 Ra2+ 54. Kg3 Ra1 55. Rf7 Kd8 56. Rg7 Ke8 57. Kf4 Rg1 58. Ke3 Rg2 59. Kd3 Kd8 60. f4 Rg4 61. Ke3 Rg3+ 62. Kf2 Rg4 63. Kf3 Ke8 64. e5 dxe5 65. fxe5 Kf8 66. Rh7 Rxh4 67. d6 Rd4 68. Ke3 Rd5 69. Ke4 Rd1 70. d7 h4 71. e6 1-0

[Event "Helsinki Seniors"]
[Site "Helsinki"]
[Date "2019.08.15"]
[Round "3"]
[White "Hammar, Bengt Erik"]
[Black "Rantanen, Yrjo A"]
[Result "0-1"]
[WhiteElo "2199"]
[BlackElo "2302"]
[PlyCount "82"]
[EventDate "2019.08.14"]
[EventType "tourn"]
[EventRounds "9"]
[EventCountry "FIN"]
[SourceTitle "CBM 191 Extra"]
[Source "ChessBase"]
[SourceDate "2019.09.30"]
[SourceVersion "1"]
[SourceVersionDate "2019.09.30"]
[SourceQuality "1"]

1. e4 e5 2. Nf3 Nc6 3. Bb5 a6 4. Ba4 d6 5. c3 Nf6 6. d3 g6 7. 0-0 Bg7 8. Nbd2 0-0 9. Re1 Nd7 10. Nf1 Nc5 11. Bc2 Ne6 12. Bb3 h6 13. g3 Nc5 14. Bc2 d5 15. b4 dxe4 16. dxe4 Ne6 17. Ne3 Qe8 18. a4 Bd7 19. Ba3 b5 20. Bc1 Rb8 21. axb5 axb5 22. Qe2 f6 23. Nh4 Ne7 24. Rd1 Ng5 25. Ra7 Rc8 26. Bb3+ Kh7 27. Qd3 Bc6 28. f3 h5 29. Nd5 Nxd5 30. Bxd5 Bxd5 31. Qxd5 Ne6 32. Qd3 Rd8 33. Qc2 Rxd1+ 34. Qxd1 Qc6 35. Qe1 Rd8 36. Bd2 Rd3 37. Ra1 Bh6 38. Bxh6 Kxh6 39. Rc1 Ng5 40. Kg2 Qd7 41. Rc2 Rd1 0-1

[Event "Helsinki Seniors"]
[Site "Helsinki"]
[Date "2019.08.14"]
[Round "1"]
[White "Karasev, Vladimir I"]
[Black "Rantanen, Yrjo A"]
[Result "1/2-1/2"]
[WhiteElo "2283"]
[BlackElo "2302"]
[PlyCount "54"]
[EventDate "2019.08.14"]
[EventType "tourn"]
[EventRounds "9"]
[EventCountry "FIN"]
[SourceTitle "CBM 191 Extra"]
[Source "ChessBase"]
[SourceDate "2019.09.30"]
[SourceVersion "1"]
[SourceVersionDate "2019.09.30"]
[SourceQuality "1"]

1. e4 c5 2. Nf3 d6 3. d4 cxd4 4. Qxd4 a6 5. c4 Nc6 6. Qd2 Nf6 7. Nc3 e6 8. Be2 b6 9. Nd4 Bb7 10. Nxc6 Bxc6 11. Qd4 Qc7 12. Be3 Rb8 13. Rc1 Qb7 14. f3 Be7 15. 0-0 0-0 16. b4 b5 17. cxb5 axb5 18. a4 bxa4 19. b5 Be8 20. Qxa4 d5 21. Qa7 dxe4 22. b6 Bd8 23. Rb1 Nd7 24. Qxb7 Rxb7 25. Ba6 Rxb6 26. Bxb6 Bxb6+ 27. Kh1 exf3 1/2-1/2

[Event "Heart of Finland op 29th"]
[Site "Jyvaskyla"]
[Date "2019.07.16"]
[Round "3"]
[White "Rantanen, Yrjo A"]
[Black "Vihinen, Teemu"]
[Result "1-0"]
[WhiteElo "2288"]
[BlackElo "2142"]
[PlyCount "65"]
[EventDate "2019.07.15"]
[EventType "swiss"]
[EventRounds "9"]
[EventCountry "FIN"]
[SourceTitle "CBM 191 Extra"]
[Source "ChessBase"]
[SourceDate "2019.09.30"]
[SourceVersion "1"]
[SourceVersionDate "2019.09.30"]
[SourceQuality "1"]

1. e4 e6 2. d4 d5 3. Nd2 h6 4. Ngf3 Nf6 5. Bd3 c5 6. e5 Nfd7 7. c3 Nc6 8. Bb1 Qb6 9. Nb3 cxd4 10. cxd4 a5 11. a4 Bb4+ 12. Kf1 Ndb8 13. h4 Bd7 14. g3 Na6 15. Kg2 0-0-0 16. Bf4 Kb8 17. Bd3 Be7 18. Bb5 Nc7 19. Bxc6 Bxc6 20. Bd2 Bb4 21. Bxb4 Qxb4 22. Nc5 b6 23. Nd3 Qe7 24. b4 axb4 25. a5 Bb5 26. axb6 Na6 27. Ra5 Bc4 28. Nc5 Nxc5 29. dxc5 d4 30. c6 Rd5 31. c7+ Kb7 32. Ra7+ Kxb6 33. c8N+ 1-0

[Event "WchT Seniors 65"]
[Site "Rhodes"]
[Date "2019.04.24"]
[Round "9.3"]
[White "Berkovich, Mark A"]
[Black "Rantanen, Yrjo A"]
[Result "1/2-1/2"]
[WhiteElo "2332"]
[BlackElo "2283"]
[PlyCount "44"]
[EventDate "2019.04.16"]
[EventType "team-swiss"]
[EventRounds "9"]
[EventCountry "GRE"]
[SourceTitle "CBM 190 Extra"]
[Source "ChessBase"]
[SourceDate "2019.07.15"]
[SourceVersion "1"]
[SourceVersionDate "2019.07.15"]
[SourceQuality "1"]
[WhiteTeam "Israel"]
[BlackTeam "Finland III"]
[WhiteTeamCountry "ISR"]
[BlackTeamCountry "FIN"]

1. d4 d5 2. Nf3 Nf6 3. e3 e6 4. Bd3 c5 5. c3 Nc6 6. 0-0 Bd6 7. dxc5 Bxc5 8. Nbd2 a5 9. e4 e5 10. exd5 Qxd5 11. Qc2 Bg4 12. Bc4 Qd7 13. Bb5 Bd6 14. Re1 0-0 15. Nxe5 Qc7 16. Nxg4 Nxg4 17. Nf3 Bxh2+ 18. Kf1 Rae8 19. Bg5 Bf4 20. Qf5 Bxg5 21. Nxg5 Nf6 22. g3 h6 1/2-1/2

[Event "WchT Seniors 65"]
[Site "Rhodes"]
[Date "2019.04.22"]
[Round "7.3"]
[White "Sharif, Mershad"]
[Black "Rantanen, Yrjo A"]
[Result "1-0"]
[WhiteElo "2331"]
[BlackElo "2283"]
[PlyCount "67"]
[EventDate "2019.04.16"]
[EventType "team-swiss"]
[EventRounds "9"]
[EventCountry "GRE"]
[SourceTitle "CBM 190 Extra"]
[Source "ChessBase"]
[SourceDate "2019.07.15"]
[SourceVersion "1"]
[SourceVersionDate "2019.07.15"]
[SourceQuality "1"]
[WhiteTeam "France"]
[BlackTeam "Finland III"]
[WhiteTeamCountry "FRA"]
[BlackTeamCountry "FIN"]

1. Nf3 Nf6 2. g3 g6 3. b3 Bg7 4. Bb2 0-0 5. Bg2 c5 6. c4 e6 7. d4 cxd4 8. Nxd4 d5 9. cxd5 Nxd5 10. 0-0 Qa5 11. Qd2 Qxd2 12. Nxd2 Rd8 13. Nc4 Nb6 14. Rac1 Nxc4 15. Rxc4 Nd7 16. Rc2 a6 17. Nf3 Nf6 18. Ne5 Nd5 19. Rd1 Re8 20. Nc4 b5 21. Bxg7 Kxg7 22. Bxd5 exd5 23. Nb6 Bf5 24. Rcd2 Rab8 25. Nxd5 a5 26. f3 b4 27. e4 Bc8 28. Kf2 f5 29. exf5 Bxf5 30. g4 Bc8 31. Rc2 Rb7 32. Rdc1 Re5 33. Rc7+ Kh6 34. Nf6 1-0

[Event "WchT Seniors 65"]
[Site "Rhodes"]
[Date "2019.04.20"]
[Round "5.1"]
[White "Balashov, Yuri S"]
[Black "Rantanen, Yrjo A"]
[Result "1/2-1/2"]
[WhiteElo "2470"]
[BlackElo "2283"]
[PlyCount "108"]
[EventDate "2019.04.16"]
[EventType "team-swiss"]
[EventRounds "9"]
[EventCountry "GRE"]
[SourceTitle "CBM 190 Extra"]
[Source "ChessBase"]
[SourceDate "2019.07.15"]
[SourceVersion "1"]
[SourceVersionDate "2019.07.15"]
[SourceQuality "1"]
[WhiteTeam "Russia 65+"]
[BlackTeam "Finland III"]
[WhiteTeamCountry "RUS"]
[BlackTeamCountry "FIN"]

1. c4 c5 2. Nf3 Nf6 3. Nc3 e6 4. g3 d5 5. cxd5 exd5 6. d4 Nc6 7. Bg2 Be7 8. 0-0 0-0 9. dxc5 Bxc5 10. a3 h6 11. b4 Bb6 12. Bb2 Re8 13. Rc1 Bf5 14. Na4 Be4 15. Nc5 Bxc5 16. Rxc5 Nd7 17. Rc1 Qb6 18. Bh3 Rad8 19. Nd2 Bg6 20. Bg2 Qb5 21. Re1 a5 22. Bc3 axb4 23. axb4 Nde5 24. Nf3 Nxf3+ 25. Bxf3 Be4 26. Bxe4 Rxe4 27. Qd3 Qxd3 28. exd3 Rxe1+ 29. Rxe1 d4 30. Bd2 Rd5 31. f4 f5 32. Kf2 Kf7 33. Kf3 Rb5 34. h3 h5 35. g4 hxg4+ 36. hxg4 fxg4+ 37. Kxg4 g5 38. fxg5 Ne5+ 39. Kh5 Nxd3 40. Rf1+ Kg7 41. Rf3 Nb2 42. Rf4 Rd5 43. Rxd4 Rxd4 44. Bc3 Kf7 45. Bxd4 Nd3 46. g6+ Kg8 47. Bc5 b5 48. Kg5 Ne1 49. Kf5 Nc2 50. Kf6 Ne1 51. Bd4 Nc2 52. Bc3 Kf8 53. Kf5 Kg8 54. Ke4 Kf8 1/2-1/2

[Event "WchT Seniors 65"]
[Site "Rhodes"]
[Date "2019.04.16"]
[Round "1.8"]
[White "Rantanen, Yrjo A"]
[Black "Baruch, Andrew JD"]
[Result "1-0"]
[WhiteElo "2283"]
[BlackElo "2039"]
[PlyCount "88"]
[EventDate "2019.04.16"]
[EventType "team-swiss"]
[EventRounds "9"]
[EventCountry "GRE"]
[SourceTitle "CBM 190 Extra"]
[Source "ChessBase"]
[SourceDate "2019.07.15"]
[SourceVersion "1"]
[SourceVersionDate "2019.07.15"]
[SourceQuality "1"]
[WhiteTeam "Finland III"]
[BlackTeam "England III"]
[WhiteTeamCountry "FIN"]
[BlackTeamCountry "ENG"]

1. e4 d6 2. d4 g6 3. Nc3 Bg7 4. Be3 a6 5. h4 b5 6. h5 Bb7 7. h6 Bf6 8. Qd2 Nd7 9. f3 e6 10. 0-0-0 Ne7 11. g4 0-0 12. Nce2 Nc8 13. Ng3 Ncb6 14. b3 d5 15. e5 Be7 16. f4 c5 17. Nf3 c4 18. f5 a5 19. Kb1 Bb4 20. c3 Ba3 21. Bg5 Qc7 22. Ne1 Rfc8 23. Nc2 Bf8 24. b4 axb4 25. cxb4 c3 26. Qf2 Nc4 27. Bc1 Ra4 28. a3 Rca8 29. fxe6 fxe6 30. Bd3 Be7 31. Rhf1 Rf8 32. Qe2 Raa8 33. Rxf8+ Rxf8 34. Rf1 Ndb6 35. g5 Rxf1 36. Nxf1 Qd8 37. Qg4 Bc8 38. Ka2 Bd7 39. Qg2 Nb2 40. Be2 N2a4 41. Nh2 Nc4 42. Ng4 Bxg5 43. Bxg5 Nab2 44. Bc1 Nb6 1-0

[Event "FIN-chT 1718"]
[Site "Finland"]
[Date "2017.12.02"]
[Round "5.2"]
[White "Kochyev, Alexander"]
[Black "Rantanen, Yrjo A"]
[Result "1/2-1/2"]
[WhiteElo "2376"]
[BlackElo "2297"]
[PlyCount "39"]
[EventDate "2017.09.16"]
[EventType "team-tourn"]
[EventRounds "11"]
[EventCountry "FIN"]
[SourceTitle "EXT 2019"]
[Source "ChessBase"]
[SourceDate "2018.10.10"]
[SourceVersion "1"]
[SourceVersionDate "2018.10.10"]
[SourceQuality "1"]
[WhiteTeam "Kotka KymS"]
[BlackTeam "Helsinki KS 58"]
[WhiteTeamCountry "FIN"]
[BlackTeamCountry "FIN"]

1. Nf3 Nf6 2. c4 c6 3. g3 d5 4. Bg2 e6 5. b3 a5 6. a3 b5 7. Bb2 Ba6 8. cxd5 cxd5 9. 0-0 Nbd7 10. Ne5 Nxe5 11. Bxe5 Rc8 12. d3 Be7 13. Nd2 0-0 14. Nf3 Nd7 15. Bb2 Bf6 16. Bxf6 Qxf6 17. b4 a4 18. Qd2 Rc3 19. Rfc1 Rfc8 20. Rxc3 1/2-1/2

[Event "Heart of Finland op 27th"]
[Site "Jyvaskyla"]
[Date "2017.07.20"]
[Round "6"]
[White "Kulaots, Kaido"]
[Black "Rantanen, Yrjo A"]
[Result "1-0"]
[WhiteElo "2573"]
[BlackElo "2292"]
[PlyCount "71"]
[EventDate "2017.07.17"]
[EventType "swiss"]
[EventRounds "9"]
[EventCountry "FIN"]
[SourceTitle "CBM 179 Extra"]
[Source "ChessBase"]
[SourceDate "2017.08.23"]
[SourceVersion "1"]
[SourceVersionDate "2017.08.23"]
[SourceQuality "1"]

1. e4 e5 2. Nf3 Nc6 3. Bb5 Nf6 4. d3 d6 5. 0-0 Bd7 6. c4 g6 7. Nc3 Bg7 8. h3 0-0 9. Bg5 h6 10. Be3 Kh7 11. c5 Ne8 12. Rc1 f5 13. cxd6 Nxd6 14. exf5 gxf5 15. Ba4 Ne7 16. Bxd7 Qxd7 17. d4 e4 18. Ne5 Qe6 19. Bf4 c6 20. Re1 Rad8 21. Qa4 a6 22. f3 Nb5 23. Ne2 Nd5 24. fxe4 fxe4 25. Bg3 Ne7 26. Qc2 Qd5 27. Nf4 Qxd4+ 28. Kh2 Nf5 29. Rxe4 Qd2 30. Ne6 Qxc2 31. Nxf8+ Rxf8 32. Rxc2 Nxg3 33. Kxg3 Re8 34. Kf4 Rf8+ 35. Kg4 h5+ 36. Kg3 1-0

[Event "Heart of Finland op 27th"]
[Site "Jyvaskyla"]
[Date "2017.07.18"]
[Round "2"]
[White "Franco Alonso, Alejandro"]
[Black "Rantanen, Yrjo A"]
[Result "1-0"]
[WhiteElo "2436"]
[BlackElo "2292"]
[PlyCount "75"]
[EventDate "2017.07.17"]
[EventType "swiss"]
[EventRounds "9"]
[EventCountry "FIN"]
[SourceTitle "CBM 179 Extra"]
[Source "ChessBase"]
[SourceDate "2017.08.23"]
[SourceVersion "1"]
[SourceVersionDate "2017.08.23"]
[SourceQuality "1"]

1. d4 Nf6 2. c4 e6 3. g3 c5 4. Nf3 cxd4 5. Nxd4 Qc7 6. b3 e5 7. Nf3 d5 8. cxd5 Bb4+ 9. Bd2 Nxd5 10. a3 e4 11. axb4 exf3 12. Ra5 fxe2 13. Qxe2+ Ne7 14. Rc5 Qd8 15. Bg2 0-0 16. 0-0 Nbc6 17. Bg5 f6 18. Rd1 Qe8 19. Bf4 Ng6 20. Be3 Be6 21. b5 Nd8 22. Nd2 Rf7 23. Nc4 Rd7 24. Rd2 Qe7 25. Qd1 Rxd2 26. Qxd2 Nf7 27. Na5 Rd8 28. Qc2 Nd6 29. Rc7 Rd7 30. b6 axb6 31. Bxb6 Bf5 32. Qc1 Rxc7 33. Bxc7 b5 34. Bd5+ Kf8 35. Bb8 Be6 36. Nc6 Qd7 37. Qc5 Ne7 38. Bxd6 1-0

[Event "FIN-chT 1617"]
[Site "Finland"]
[Date "2016.09.18"]
[Round "2.7"]
[White "Paasikangas Tella, Johanna"]
[Black "Rantanen, Yrjo A"]
[Result "1-0"]
[WhiteElo "2215"]
[BlackElo "2286"]
[PlyCount "95"]
[EventDate "2016.09.17"]
[EventType "team-tourn"]
[EventRounds "11"]
[EventCountry "FIN"]
[SourceTitle "CBM 174 Extra"]
[Source "ChessBase"]
[SourceDate "2016.10.10"]
[SourceVersion "1"]
[SourceVersionDate "2016.10.10"]
[SourceQuality "1"]
[WhiteTeam "Vantaa EtVaS"]
[BlackTeam "Salo SalSK"]
[WhiteTeamCountry "FIN"]
[BlackTeamCountry "FIN"]

1. d4 Nf6 2. Nf3 e6 3. Bg5 c5 4. e3 b6 5. Bd3 Bb7 6. 0-0 d6 7. Re1 Nbd7 8. c4 Be7 9. Nc3 0-0 10. Rc1 a6 11. Bb1 Re8 12. e4 cxd4 13. Qxd4 Qc7 14. b4 Ne5 15. Na4 Nfd7 16. Bxe7 Nxf3+ 17. gxf3 Rxe7 18. Red1 Bc6 19. b5 Nc5 20. Nc3 axb5 21. cxb5 Be8 22. Qxd6 Rc8 23. Na4 Rb8 24. Nxc5 bxc5 25. Qxc5 Qxc5 26. Rxc5 Ra7 27. Rd4 Ra3 28. Kg2 e5 29. Rxe5 f6 30. Rc5 Bxb5 31. Bc2 Be2 32. Bb3+ Raxb3 33. axb3 Rxb3 34. Rf5 Kf7 35. Rd7+ Kg6 36. Rd2 Bb5 37. Rc5 h5 38. f4 Rb1 39. f3 Kh6 40. Rcc2 Bf1+ 41. Kg3 Rb3 42. Rf2 Bd3 43. Rb2 Rc3 44. Rb4 Kg6 45. f5+ Kh6 46. Kf4 Bc4 47. Rb7 Bb3 48. Rg2 1-0

[Event "Heart of Finland op 26th"]
[Site "Jyvaskyla"]
[Date "2016.07.24"]
[Round "9"]
[White "Rantanen, Yrjo A"]
[Black "Virtanen, Teemu"]
[Result "0-1"]
[WhiteElo "2300"]
[BlackElo "2162"]
[PlyCount "54"]
[EventDate "2016.07.18"]
[EventType "swiss"]
[EventRounds "9"]
[EventCountry "FIN"]
[SourceTitle "CBM 173 Extra"]
[Source "ChessBase"]
[SourceDate "2016.08.29"]
[SourceVersion "1"]
[SourceVersionDate "2016.08.29"]
[SourceQuality "1"]

1. e4 e5 2. Nf3 Nc6 3. Bb5 g6 4. d4 exd4 5. c3 dxc3 6. Nxc3 h6 7. h4 Bg7 8. Bf4 Nge7 9. Qd2 d6 10. e5 dxe5 11. Qxd8+ Kxd8 12. 0-0-0+ Bd7 13. Ne4 Kc8 14. Be3 Be6 15. Nfd2 a6 16. Ba4 Rd8 17. f4 Nd5 18. Bf2 Ncb4 19. Nf3 Nxf4 20. Rxd8+ Kxd8 21. Rd1+ Kc8 22. Nc5 Bf5 23. Bd7+ Bxd7 24. Rxd7 Nbd3+ 25. Kd2 Nxc5 26. Rxf7 Nce6 27. g3 Nd5 0-1